000 00290nam a2200133Ia 4500
100 _aStanford/Melvin J
942 _cBK
654 _amanagement
245 _aManagement policy
260 _bprentice hall
_aNew Delhi
_c1986
082 _a658.401
_bSTA
300 _a632
546 _aENGLISH
999 _c31459
_d31459